=LDR 00000nam 2200000 4500 =001 INLIS000000000017459 =005 20130612112650 =008 ***********************************Ind** =035 ##$$0010-061300000017459 =041 ##$$a Ind =082 ##$$a 618.2 =090 ##$$a 618.2, Man k =100 ##$$a Manuba, Ida Bagus Gde =245 ##$$a Konsep obstetri dan ginekologi =260 ##$$a 2001 $b Jakarta =300 ##$$a ix, 215 hlm, 21 cm =650 ##$$a Ilmu Kebidanan =850 ##$$a NBPNMAT